000 00625nam a2200229Ia 4500
003 OSt
005 20220923230734.0
006 a|||||r|||| 00| 0
007 ta
008 Pun
024 _a305,194
037 _cTextual
040 _aARTS
_cARTS
_bPun
041 _2Pun
_aPun
082 _aQ8441:33wJ95, 153K8
100 _aਗਿੱਲ, ਇੰਦਰ ਸਿੰਘ
245 0 _aਸ੍ਰੀ ਗੁਰ ਬਿਲਾਸ ਪਾਤFਾਹੀ 6
260 _c1968
650 _aਧਰਮ
942 _hQ8441:33wJ95, 153K8
_cTEXL
_2CC
999 _c386997
_d386997